| 000 | 00541cam a2200181 a 4500 | ||
|---|---|---|---|
| 020 | _a0070502889 (pbk.) | ||
| 040 | _cDLC | ||
| 082 | 0 | 0 | _a005 MIT 1992 A003 Or. |
| 100 | 1 | _aPitter, Keiko M. | |
| 245 | 1 | 0 |
_aUsing application software : _busing the IBM PC, WordPerfect 4.2, Quattro, dBase III plus / |
| 250 | _a3rd ed. | ||
| 260 |
_aNew York : _bMitchell McGraw-Hill, _cc1992. |
||
| 300 |
_axx, 370 p. : _bill. ; _c24 cm. |
||
| 500 | _aIncludes index. | ||
| 650 | 0 | _aIBM Personal Computer | |
| 650 | 0 | _aApplication software. | |
| 942 | _cEK | ||
| 999 |
_c16432 _d16432 |
||